Singapore 1942: End of Empire.

A 70th anniversary television event, Singapore 1942: End of Empire tells the story of those early shocking days of the Pacific War when belief in security and comfort from empire collapsed. For the first time this momentous 20th century battle, and its equally dramatic aftermath, is told from a mult...

Full description

Bibliographic Details
Corporate Author: Kanopy (Firm)
Format: Video
Language:Undetermined
Language Notes:In English
Published: [San Francisco, California, USA] : Kanopy Streaming, 2015.
Subjects:
Online Access:Connect to this streaming video

MARC

Tag First Indicator Second Indicator Subfields
LEADER 00000cgm a2200000za 4500
001 in00003589849
006 m o c
007 vz uzazuu
007 cr una---unuuu
008 150908p20152011cau120 o vlund d
005 20260324170732.9
028 5 2 |a 1071696  |b Kanopy 
035 |a (CaSfKAN)kan1071696 
040 |a VDU  |b eng  |c VDU  |d UtOrBLW 
245 0 0 |a Singapore 1942: End of Empire. 
264 1 |a [San Francisco, California, USA] :  |b Kanopy Streaming,  |c 2015. 
300 |a 1 online resource (streaming video file) 
306 |a Duration: 120 minutes 
336 |a two-dimensional moving image  |b tdi  |2 rdacontent 
337 |a computer  |b c  |2 rdamedia 
338 |a online resource  |b cr  |2 rdacarrier 
500 |a Title from title frames. 
518 |a Originally produced by Electric Pictures in 2011. 
520 |a A 70th anniversary television event, Singapore 1942: End of Empire tells the story of those early shocking days of the Pacific War when belief in security and comfort from empire collapsed. For the first time this momentous 20th century battle, and its equally dramatic aftermath, is told from a multi-national perspective, revealing new and challenging insights into a battle that turned our world upside down. Whilst the Japanese victory confirmed how useless it was for Australians to rely on Britain for their defence, post-war Australians looked to another great protective power - the United States - to align itself with. And Asian nations would rapidly determine their own destiny and seek a tumultuous independence. Writer/Director: Don Featherstone 
538 |a Mode of access: World Wide Web. 
546 |a In English 
500 |a Electronic resource. 
653 |a Asian and Middle Eastern Studies 
653 |a History - Modern 
655 7 |a Nonfiction films.  |2 lcgft  |0 http://id.loc.gov/authorities/genreForms/gf2011026423 
655 7 |a Internet videos.  |2 lcgft  |0 http://id.loc.gov/authorities/genreForms/gf2011026337 
710 2 |a Kanopy (Firm)  |0 http://id.loc.gov/authorities/names/no2014091415 
856 4 0 |u http://proxy.library.tamu.edu/login?url=https://texasam.kanopystreaming.com/node/71697  |z Connect to this streaming video  |t 0 
999 f f |s ef5a940e-49ac-3778-b34d-47a6252ebd0c  |i 8160bc93-b6e9-3d74-9a92-3b1ae81f349d  |t 0 
952 f f |a Texas A&M University  |b College Station  |c Electronic Resources  |s www_evans  |d Available Online  |t 0  |h No information provided 
998 f f |t 0  |l Available Online